000 00307nam a2200145Ia 4500
100 _aEclcel/ Bruce
942 _cBK
366 _f10
654 _aThinking In Java
245 _aThinking In Java
260 _bAddison Wesley Longman
_aDelhi
_c2000
082 _a5.1
300 _a1098
546 _aENGLISH
999 _c23786
_d23786